000 00334 a2200157 4500
001 59357
020 _a97885160445425
040 _cAnchieta - Pituba
100 _aBandeira, Pedro
240 1 0 _aA droga do amor
_lpor
245 1 0 _aA droga do amor
300 _a174
362 0 _a2009
650 4 _aLiteratura juvenil
942 _cBK
999 _c59357
_d59357